00185nam a2200073Ia 4500008004100000100001100041245003500052260002400087170817s9999 xx 000 0 und d aBORNAH 4aTHE ENGLISH TEACHING HAND BOOK bSTERLING PUB. N. D.